عرض عادي
عرض مارك
- Hammell, Karen Whalley.
مدخل إسم شخص
001 - رقم الضبط
- حقل الضبط: 88492
003 - معرف رقم الضبط
- حقل الضبط: OSt
005 - تاريخ ووقت أخر عملية
- حقل الضبط: 20210305184142.0
008 - عناصر بيانات ثابتة الطول
- حقل تحكم ثابت الطول: 210305|| aca||aabn | a|a d
040 ## - مصدر الفهرسة
- هيئة الفهرسة الأصلية: OSt
- وكالة الكتابة: OSt
100 ## - مدخل -- أسم شخص
- إسم شخص: Hammell, Karen Whalley.
670 ## - بيانات المصدر موجوده
- الاستشهاد بالمصدر: Work cat.: (OSt)0: Qualitative research in evidence-based rehabilitation /, 2004.
